Bir de burdan bak (Record no. 2695)

MARC details
000 -BAŞLIK
Sabit Uzunlukta Kontrol Alanı 00925na a2200277 4500
001 - KONTROL NUMARASI
Denetim Alanı 13392
003 - KONTROL NUMARASI IDENTIFIER
Denetim Alanı MIRAKIL
005 - SON İŞLEM TARİHİ VE ZAMANI
Denetim Alanı 20181213154906.0
008 - SABİT-BOY VERİ ELEMANLARI - GENEL BİLGİLER
Sabit Uzunlukta Kontrol Alanı 161005b tu 000 0
020 ## - ULUSLARARASI STANDART KİTAP NUMARASI
Uluslararası Standart Kitap Numarası 9756487089
035 ## - SİSTEM KONTROL NUMARASI
Sistem Kontrol Numarası 13392
040 ## - KATALOGLAMA KAYNAK
Orijinal Kataloglama Ajansı Milas
Kataloglama Dili tur
Metne Dönüştürmek Ajansı TR-AnCHP
082 ## - DEWEY ONLU SINIFLANDIRMA NUMARASI
Sınıflandırma Numarası 305.42
Ürün Numarası B56 2006
090 ## - SINIFLAMA NUMARASI
Sınıflama Numarası 305.42 B56 2006
245 ## - BAŞLIK TABLOSU
Başlık Bir de burdan bak
Başlığın Kalan Cinsiyet eşitsizliği bir "kadın sorunu" değil, toplumun sorunudur
Sorumluluk Tablosu, Vb Serpil Sancar...[ve öte.]
246 ## - UNVAN FORM VARYING
Başlık Doğru / Kısa Başlığı Cinsiyet eşitsizliği bir "kadın sorunu" değil, toplumun sorunudur
260 ## - YAYIN, DAĞITIM, VB
Yayın, Dağıtım, Vb Yeri Ankara
Yayıncı, Dağıtıcı, Vs Adı Ka-Der
Yayın, Dağıtım, Vb Tarihi 2006
300 ## - FİZİKSEL TANIM
Kapsam 77 s.
Diğer Fiziksel Ayrıntıları tbl.
Boyutlar 21 sm.
490 ## - SERİSİ TABLOSU
Seri Beyanı Yarın İçin Bugünden Eğitim Kampanyası Eğitim dizisi
Hacim / Ardışık Tanımı 4
504 ## - KAYNAKÇA VB NOT
Kaynakça Vb Notu Kaynakça var.
650 ## - KONU KATMA GİRİŞ - TOPİKAL DÖNEM
Topikal Süreli Veya Coğrafi Ad Giriş Elemanı Cinsiyet (Sosyoloji)
Genel Alt Bölümü Sosyal gruplar
Kronolojik Alt Bölümü Kadınlar
650 ## - KONU KATMA GİRİŞ - TOPİKAL DÖNEM
Topikal Süreli Veya Coğrafi Ad Giriş Elemanı Kadınlar
Genel Alt Bölümü Cinsiyet eşitsizliği
700 ## - KATMA GİRİŞ - KİŞİSEL İSİM
Kişisel Ad Sancar, Serpil
942 ## - EKLENDİ GİRİŞ ELEMANLARI (KOHA)
Sınıflandırma Veya Raf Düzeni Kaynak Dewey Decimal Classification
Koha Öğesi Türü Books
999 ## - SİSTEM KONTROL NUMARALARI (KOHA)
Koha Biblionumber 2695
Koha Biblioitemnumber 2695
657 ## - INDEX SÜRE - İŞLEVİ
-- kadın sorunu
Holdings
Kalıcı Konum Mevcut Konum Edinme Tarihi Edinim Kaynak Toplam Check-Out'Lar Tam Çağrı Numarası Barkod Tarih Son Görülme İtibaren Geçerli Fiyatlar Koha Öğesi Türü
CHP Kütüphanesi CHP Kütüphanesi 08/13/2016 Bağış   305.42 B56 2006 000767 08/13/2016 08/13/2016 Books